Statistics for All of the iPhones

Click here to take the quiz!

General Stats

  • This quiz has been taken 28 times
  • The average score is 5 of 22

Answer Stats

DateiPhone% Correct
2023-iPhone 15 / 15 Plus / 15 Pro / 15 Pro Max
55%
2013-2017iphone 5
50%
2010-2013iphone 4
45%
2014-2016iphone 6 / 6 Plus
45%
2008-2010iphone 3G
41%
2013-2015iphone 5C
41%
2015-2018iphone 6S / 6S Plus
36%
2009-2012iphone 3GS
32%
2011-2014iphone 4S
27%
2017-2018iphone X
27%
2007-2008iphone 2G
18%
2016-2019iphone 7 / 7 Plus
18%
2019-2022iphone 11
14%
2020-2023iphone 12 Mini / iphone 12 /
iphone 12 Pro / iphone 12 Pro Max
14%
2017-2020iphone 8 / 8 Plus
14%
2018-2021iphone XR
14%
2018-2019iphone XS / XS Max
14%
2019-2020iphone 11 Pro / 11 Pro Max
9%
2021-2023iphone 13 Mini / iphone 13 Pro /
iphone 13 Pro Max
5%
2022-2023iphone 14 Pro / iphone 14 Pro Max
5%
2016-2018iphone SE 1
5%
2020-2022iphone SE 2
5%

Score Distribution

Percentile by Number Answered

Percent of People with Each Score

Your Score History

You have not taken this quiz